International bill of Human Rights : (Record no. 577)
[ view plain ]
| 000 -LEADER | |
|---|---|
| fixed length control field | 00420nam a22001457a 4500 |
| 005 - DATE AND TIME OF LATEST TRANSACTION | |
| control field | 20240315082622.0 |
| 008 - FIXED-LENGTH DATA ELEMENTS--GENERAL INFORMATION | |
| fixed length control field | 240315b |||||||| |||| 00| 0 eng d |
| 082 ## - DDC Classification | |
| DDC Edition Number | 22 |
| Class No. | 323.4. |
| Item Number - Author Mark | INT. |
| 245 ## - TITLE STATEMENT | |
| Title | International bill of Human Rights : |
| Statement of responsibility, etc. | Amnesty International Publications. |
| 260 ## - PUBLICATION, DISTRIBUTION, ETC. | |
| Place of publication, distribution, etc. | Colombo : |
| Name of publisher, distributor, etc. | Amnesty International Publications / |
| Date of publication, distribution, etc. | 1978 . |
| 300 ## - PHYSICAL DESCRIPTION | |
| Extent (e.g. Volumes, Pages etc.) | 50 p., |
| 650 ## - SUBJECT ADDED ENTRY--TOPICAL TERM | |
| Topical term or geographic name entry element | Human Rights. |
| 650 ## - SUBJECT ADDED ENTRY--TOPICAL TERM | |
| Topical term or geographic name entry element | Law |
| 942 ## - Koha item type (Biblio) | |
| Koha item type | Books in Stacks (Lending) |
No items available.
